Contemporary New Zealand (Record no. 51827)

MARC details
000 -LEADER
fixed length control field 00627nam a2200241Ia 4500
003 - CONTROL NUMBER IDENTIFIER
control field OSt
005 - DATE AND TIME OF LATEST TRANSACTION
control field 20220912150641.0
008 - FIXED-LENGTH DATA ELEMENTS--GENERAL INFORMATION
fixed length control field 220909b |||||||| |||| 00| 0 eng d
037 ## - SOURCE OF ACQUISITION
Terms of availability Textual
040 ## - CATALOGING SOURCE
Original cataloging agency CSL
Language of cataloging eng
Transcribing agency CSL
041 ## - LANGUAGE CODE
Language code of text/sound track or separate title eng
100 ## - MAIN ENTRY--PERSONAL NAME
Personal name Thomsan Ed.
245 #0 - TITLE STATEMENT
Title Contemporary New Zealand
260 ## - PUBLICATION, DISTRIBUTION, ETC.
Place of publication, distribution, etc. Wellington
Name of publisher, distributor, etc. Hicks Smith
Date of publication, distribution, etc. 1973
300 ## - PHYSICAL DESCRIPTION
Extent xiii,218p.
Dimensions cm.
700 ## - ADDED ENTRY--PERSONAL NAME
Personal name Trlin Ed.
942 ## - ADDED ENTRY ELEMENTS (KOHA)
Classification part Y33:6.9937z7, L3
Koha item type Textual
Source of classification or shelving scheme Colon Classification (CC)
Holdings
Withdrawn status Lost status Damaged status Not for loan Home library Current library Date acquired Total Checkouts Full call number Barcode Date last seen Price effective from Koha item type
        Central Science Library Central Science Library 2022-09-12   Y33:6.9937z7 L3 SL0600196 2022-09-12 2022-09-12 Textual
Copyright @ Delhi University Library System